Quizzes
Events
Quiz Creation
Community
Videos
Private Events
Remove Ads
Sign In
Join for FREE
Feedback
Dark Mode
Quiz Categories
Sports
Geography
Music
Movies
Television
Just For Fun
Miscellaneous
History
Literature
Language
Science
Gaming
Entertainment
Religion
Holiday
For Kids
Quiz Lab
Recent
Popular Today
Quiz Kudos Today
Editor Picks
Curator Picks
Quizzes by...
Day
Popularity
Type
Ratings
Length
Year
Community
Subscriptions
Recent Discussions
Orange Saloon
Badges
Playlists
Quests
Create
Leaderboards
Showdown
Live 5
Trivia Bingo
Activity
Puzzle Library
Sporcle Events
Private Events
Virtual Trivia
Globe League
Become a Host
Pub Owners
SporcleCon
Opinionation
Our Games
Videos
Blog
Mobile Apps
Partnerships
Remove Ads and Go Orange
Feedback
Entertainment
Celebrity
Famous
Musical
Broadway
Show
Quote
Comic Books
Anime
Superhero
DC Comics
Marvel
Cartoons
Animation
Entertainment
Celebrity
Famous
Musical
Broadway
Show
Quote
Comic Books
Anime
Superhero
DC Comics
Marvel
Cartoons
Animation
Random Quiz
Search Sporcle
×
Quiz Lab
Quiz Lab
Entertainment
Anime
Type in answers that appear in a list
Type in answers that appear in a list
Classic
Best Score? Go Orange.
50 Anime Endings (Video) Stats
Can you name the Anime Endings?
By
MFPapillon
12m
50 Questions
1,203 Plays
1,203 Plays
1,203 Plays
Comments
Comments
Give Quiz Kudos
Give Quiz Kudos
-
- Ratings
hide this ad
Replay
Link that replays current quiz
Next Quiz
Link to next quiz in quiz playlist
You Got
0%
They Got
Avg Score
27%
Avg Friend Score
Upgrade to see
Score Distribution
Jump to the score distribution portion of the page
Score
0/50
Timer
12:00
0
Plays Today
Time
Anime
% Correct
4:56 -
5:02
Hunter x Hunter
83.2%
5:08 -
5:14
K-ON!
82.3%
2:49 -
2:55
Yu Yu Hakusho
78.1%
1:59 -
2:06
Bleach
77.5%
5:39 -
5:50
Spice & Wolf
77.1%
4:46 -
4:56
Panty & Stocking with Garterbelt
66.7%
2:42 -
2:49
Ouran High School Host Club
63.7%
3:03 -
3:11
Dragon Ball Kai
60.3%
1:47 -
1:53
FLCL
59.6%
4:33 -
4:40
Berserk
58.3%
2:14 -
2:23
Daily Lives of High School Boys
56.6%
5:50 -
5:56
Cowboy Bebop
55.9%
5:32 -
5:39
Kirby: Right Back At Ya!
43.5%
0:00 -
0:10
ChäoS;HEAd
43.1%
3:50 -
3:56
Bartender
43%
2:23 -
2:29
Bakuman
42.2%
0:10 -
0:17
Inferno Cop
34.7%
3:11 -
3:17
Joshiraku
30.8%
4:40 -
4:46
Tiger & Bunny
27.7%
3:17 -
3:25
When they Cry
26.4%
1:29 -
1:38
Flowers of Evil
25.8%
1:20 -
1:29
Princess Jellyfish
24.9%
5:02 -
5:08
Umineko: When They Cry
23.4%
6:22 -
6:36
Beck - Mongolian Chop Squad
23.4%
5:23 -
5:32
AKB0048
20.9%
Time
Anime
% Correct
0:29 -
0:36
Star Driver: Kagayaki no Takuto
18.7%
0:23 -
0:29
Needless
17.5%
4:11 -
4:26
Mobile Suit Gundam AGE
16.2%
0:36 -
0:47
Natsuyuki Rendezvous
14.5%
1:53 -
1:59
Hovey & Clover
10.9%
1:38 -
1:47
The Mystic Archives of Dantalian
9.5%
0:47 -
0:54
Chouyaku Hyakuninisshu: Uta Koi
9%
3:39 -
3:45
Xam'd: Lost Memories
8.8%
2:55 -
3:03
Dress-up Musical Nerima Daikon Brothers
7.8%
3:32 -
3:39
Winter Sonata
7.6%
6:03 -
6:12
GetBackers
6.7%
2:06 -
2:14
Alien 9
6.4%
1:03 -
1:11
Ride Back
5.8%
3:25 -
3:32
Kurozuka
5.1%
2:29 -
2:42
After War Gundam X
4.7%
4:05 -
4:11
Rock'n Roll Kids
3.4%
6:12 -
6:22
Angel Heart
3.3%
1:11 -
1:20
Baoh the Visitor
1.9%
5:56 -
6:03
Metropolis
1.9%
0:17 -
0:23
Mars of Destruction
1.6%
0:54 -
1:03
Sheep's Song
1%
5:14 -
5:23
Melody of Oblivion
0.7%
3:56 -
4:05
Lily C.A.T.
0.7%
4:26 -
4:33
Gosenzosama Banbanzai!
0.2%
3:45 -
3:50
Platinumhugen Ordian
0.1%
Quiz Playlist
Details
Report
Send in Message
Add To Playlist
Classic:
Type in answers that appear in a list
Last Updated: Aug 16, 2017
Quiz Scoreboard
CHALLENGE
Sign Up to Join the Scoreboard
Show All
Scores
Hide
Comments
May contain spoilers
Recently Published
Alphabetical 'K' Countries by Flag Minefield
by ylime102
Geography
3m
Pick 6: Fruits
by JohnFran
Miscellaneous
15s
Click the 1999 NBA Draft
by nibperrychub
Sports
2m
More to Explore
Quiz From the Vault
Featured Blog Post
15 Basketball Trivia Facts You Can Be March Mad About
hide this ad
You Might Also Like...
Tags
Anime Quiz
Anime Music
bleach
rare
Video Clips
Today's Top Quizzes in Entertainment
Browse Entertainment
hide this ad
Today's Top Quizzes in Anime
Browse Anime
Top Contributed Quizzes in Entertainment
1
The Joker Actors by Order
2
Spider-Man Actors by Order
3
The Incredible Hulk Actors by Order
4
Superman Actors by Order
5
Catwoman Actresses by Order
6
The Penguin Actors by Order
7
The Riddler Actors by Order
8
Nickname Match: Pop Culture Kings
9
Two-Face Actors by Order
10
Marvel Picture Find: Capcom
Explore More
Trending Topics
Anime
Kpop
NBA
Marvel
Crossword
Harry Potter
Disney
Song
The Office
Pokémon
NFL
Puzzle
WWE
Soccer
Country
hide this ad
More By:
MFPapillon
Quiz
Plays
Rating
Category
Featured
Created
101 Anime Openings: Revengeance (Video)
2,405
3.55
Entertainment
Feb 20, 2013
101 Anime Openings: Revengeance (Video)
2,405
3.55
Entertainment
Feb 20, 2013
50 Anime Endings (Video)
1,203
4.46
Entertainment
May 12, 2013
Go to Creator's Profile
Score Distribution
Quiz Creator Spotlight
MFPapillon
Follow
Send a Message
Quizzes Created
-
Created Quiz Play Count
-
More By This Creator
Popular Quizzes Today
1
Find the US States - No Outlines Minefield
2
Pick 6: Fruits
3
Countries of Asia Without Outlines Minefield
4
Alphabetical 'K' Countries by Flag Minefield
5
The Countries of the World
6
Match the Book to the Film X
7
Click the 1999 NBA Draft
8
NBA Logic Puzzle
More Entertainment Quizzes
Comic Character by Cover Artist Pt 29 (John Romita Jr)
Quiz Lab
Trending Quizzes
Donkey Kong Minefield
Multiplication Danger Zone
DC Extended Universe: Oldest to Newest
The 3rd Thing You Need to Know: Actresses
Minefield Map: North American Capitals
Recently Updated
Women's Final Four Teams by Year
bhenderson79
Presidents Quartet II
eogle
Anything But Clue(do)
eogle
Anything But Oceanian Capitals
eogle
Anything But 7
eogle
Anything But Thing
eogle
Word Ladder: February 29
pecheneg
Song Title Questions
pecheneg
Women's NCAA Tournament #1 Seeds
pecheneg
Celebrity Mug Shots
pecheneg
Trending Topics
Marvel
NBA
Disney
Anime
Harry Potter
Kpop
Crossword
Pokémon
Puzzle
WWE
Soccer
The Office
NFL
Country
Song
Your Account Isn't Verified!
In order to create a playlist on Sporcle, you need to verify the email address you used during registration. Go to your
Sporcle Settings
to finish the process.
Report this User
Report this user for behavior that violates our
Community Guidelines
.
Details:
Send Report
Go to the Sporcle.com Mobile Site →
Comments